[Event "Dzhubga op"]
[Site "Dzhubga"]
[Date "2023.08.08"]
[Round "8"]
[White "Yurasova, Daria"]
[Black "Nekrasov, Maksim"]
[Result "0-1"]
[WhiteElo "2077"]
[BlackElo "2018"]
[PlyCount "102"]
[EventDate "2023.08.01"]
[EventType "swiss"]
[EventRounds "9"]
[EventCountry "RUS"]
[SourceTitle "EXT 2024"]
[Source "ChessBase"]
[SourceDate "2023.10.10"]
[SourceVersion "1"]
[SourceVersionDate "2023.10.10"]
[SourceQuality "1"]

1. d4 Nf6 2. c4 e6 3. g3 d5 4. Bg2 dxc4 5. Nf3 Bb4+ 6. Bd2 a5 7. Qc2 Bxd2+ 8. Qxd2 Ne4 9. Qc2 Nd6 10. Ne5 Na6 11. 0-0 0-0 12. Na3 f6 13. Nexc4 Nxc4 14. Qxc4 c6 15. Rfd1 Bd7 16. Qb3 Qe7 17. Nc4 a4 18. Qc3 Nc7 19. e4 Ra6 20. Rac1 Nb5 21. Qe3 a3 22. b3 Rd8 23. Bf1 Be8 24. e5 Raa8 25. Nb6 Rab8 26. exf6 Qxf6 27. Rc4 Rd6 28. d5 cxd5 29. Rf4 Qc3 30. Bd3 Qc7 31. Na4 Rc8 32. Qf3 Qe7 33. Rb4 Na7 34. Qe3 Nc6 35. Nb6 Rcd8 36. Rh4 g6 37. Re1 Qg7 38. Na4 e5 39. Bb5 e4 40. Bxc6 Bxc6 41. Qc5 d4 42. Nb6 d3 43. Qc4+ Kh8 44. Rd1 g5 45. Rh3 e3 46. fxe3 Bf3 47. Nc8 Rc6 48. Rxd3 Rxd3 49. Qxd3 Rxc8 50. Qf5 Rc1+ 51. Kf2 Qb2+ 0-1

[Event "RUS-chT U11"]
[Site "Sochi"]
[Date "2019.05.07"]
[Round "6.1"]
[White "Tregubenko, Nikolay"]
[Black "Nekrasov, Maksim"]
[Result "0-1"]
[WhiteElo "1234"]
[BlackElo "1192"]
[PlyCount "144"]
[EventDate "2019.05.01"]
[EventType "team-tourn"]
[EventRounds "9"]
[EventCountry "RUS"]
[SourceTitle "EXT 2022"]
[Source "ChessBase"]
[SourceDate "2021.10.06"]
[SourceVersion "1"]
[SourceVersionDate "2021.10.06"]
[SourceQuality "1"]

1. e4 e6 2. d4 d5 3. Nc3 Nf6 4. e5 Nfd7 5. f4 c5 6. Nf3 Nc6 7. Be3 Be7 8. Be2 0-0 9. 0-0 b6 10. Qd2 f6 11. exf6 Nxf6 12. Ne5 Nxd4 13. Bxd4 cxd4 14. Na4 Ne4 15. Qxd4 Bc5 16. Nxc5 bxc5 17. Qe3 Bb7 18. Bd3 d4 19. Qh3 Qc8 20. Bc4 Bd5 21. Bxd5 exd5 22. Qxc8 Raxc8 23. Rad1 Rfd8 24. Rfe1 g6 25. g3 Rd6 26. Rd3 Rb8 27. Rb3 Rbb6 28. Rxb6 axb6 29. Kg2 Kg7 30. Kf3 Nd2+ 31. Ke2 Nc4 32. Nxc4 dxc4 33. Kd2 Kf7 34. Re4 Re6 35. Rxe6 Kxe6 36. b3 c3+ 37. Kd3 Kf5 38. a4 h5 39. h3 h4 40. gxh4 Kxf4 41. b4 cxb4 42. Kxd4 Kg3 43. Kc4 Kxh3 44. Kxb4 Kxh4 45. Kb5 g5 46. Kxb6 g4 47. a5 g3 48. a6 g2 49. a7 g1Q+ 50. Kb7 Qg7+ 51. Kb6 Qd4+ 52. Kb7 Qd7+ 53. Kb6 Qd8+ 54. Kb7 Kg3 55. a8Q Qxa8+ 56. Kxa8 Kf2 57. Kb7 Ke2 58. Kb6 Kd2 59. Kb5 Kxc2 60. Kb4 Kd2 61. Kb3 c2 62. Kb4 c1Q 63. Kb5 Qc3 64. Kb6 Qc4 65. Kb7 Qc5 66. Kb8 Qc6 67. Ka7 Qb5 68. Ka8 Kd3 69. Ka7 Kc4 70. Ka8 Kc5 71. Ka7 Kc6 72. Ka8 Qb7# 0-1

[Event "RUS-chT U11"]
[Site "Sochi"]
[Date "2019.05.03"]
[Round "3.1"]
[White "Nekrasov, Maksim"]
[Black "Vetokhin, Savva"]
[Result "0-1"]
[WhiteElo "1192"]
[BlackElo "2055"]
[PlyCount "108"]
[EventDate "2019.05.01"]
[EventType "team-tourn"]
[EventRounds "9"]
[EventCountry "RUS"]
[SourceTitle "EXT 2022"]
[Source "ChessBase"]
[SourceDate "2021.10.06"]
[SourceVersion "1"]
[SourceVersionDate "2021.10.06"]
[SourceQuality "1"]

1. d4 Nf6 2. c4 g6 3. Nc3 Bg7 4. e4 d6 5. Nge2 0-0 6. Ng3 e5 7. d5 Ne8 8. h4 f5 9. exf5 gxf5 10. Bg5 Bf6 11. Qd2 Na6 12. Be2 Nc5 13. Bh6 Bg7 14. 0-0-0 c6 15. Bxg7 Kxg7 16. Rdg1 Nf6 17. Nh5+ Nxh5 18. Bxh5 cxd5 19. cxd5 b5 20. f4 b4 21. Nd1 Ne4 22. Qe3 Qb6 23. fxe5 Qxe3+ 24. Nxe3 Ng3 25. Bf3 Nxh1 26. Rxh1 dxe5 27. Rd1 e4 28. Bh5 Kh6 29. Be2 f4 30. Nc4 f3 31. gxf3 exf3 32. Bf1 Ba6 33. d6 Bxc4 34. Bxc4 Rac8 35. b3 f2 36. Kb2 Kh5 37. d7 Rcd8 38. Be2+ Kxh4 39. Rd4+ Kg3 40. Rd3+ Kg2 41. Kc2 f1Q 42. Bxf1+ Kxf1 43. Kd2 Rf7 44. Ke3 Rdxd7 45. Rxd7 Rxd7 46. Ke4 h5 47. Kf4 h4 48. Kg4 Rh7 49. Kh3 Kf2 50. Kh2 h3 51. Kh1 h2 52. a4 bxa3 53. b4 a2 54. b5 a1Q# 0-1

[Event "RUS-chT U11"]
[Site "Sochi"]
[Date "2019.05.01"]
[Round "1.1"]
[White "Komaev, Tamerlan"]
[Black "Nekrasov, Maksim"]
[Result "1/2-1/2"]
[WhiteElo "1351"]
[BlackElo "1192"]
[PlyCount "52"]
[EventDate "2019.05.01"]
[EventType "team-tourn"]
[EventRounds "9"]
[EventCountry "RUS"]
[SourceTitle "EXT 2022"]
[Source "ChessBase"]
[SourceDate "2021.10.06"]
[SourceVersion "1"]
[SourceVersionDate "2021.10.06"]
[SourceQuality "1"]

1. d4 d5 2. c4 c6 3. Nc3 Nf6 4. Nf3 e6 5. Bg5 Nbd7 6. e3 Qa5 7. Nd2 Bb4 8. Qc2 0-0 9. Be2 e5 10. 0-0 Re8 11. Rfe1 h6 12. Bh4 exd4 13. exd4 Ne4 14. Ndxe4 dxe4 15. Bf1 Bxc3 16. bxc3 Nf8 17. Rab1 b6 18. Qd2 Ng6 19. Bg3 Bf5 20. Rbd1 Bg4 21. Rb1 Bf5 22. Rbd1 Bg4 23. Rb1 Bf5 24. Rbd1 Bg4 25. Rb1 Bf5 26. Rbd1 Bg4 1/2-1/2